Pasovačka s energiami
Problém regulácie cien energií a snaha riešiť ho. Reguláciu cien energií aj pre domácnosti podľa vízie EÚ by mal prevziať trh. Situácia s cenami energií na Slovensku. Zvyšovanie cien energií. Pozícia prirodzených monopolov na Slovensku, ale aj v iných krajinách, je veľmi silná. Potreba vyššej konkur...
Salvato in:
| Autore principale: | |
|---|---|
| Altri autori: | |
| Natura: | Capitolo di libro |
| Lingua: | slovacco |
| Soggetti: | |
| Tags: |
Nessun Tag, puoi essere il primo ad aggiungerne!!
|
MARC
| LEADER | 00000naa$a2200000$$$4500 | ||
|---|---|---|---|
| 001 | 0045890 | ||
| 005 | 20231009083724.9 | ||
| 041 | 0 | |a slo | |
| 044 | |a SK | ||
| 245 | 1 | 0 | |a Pasovačka s energiami |c Peter Marčan, Kristian Slovák |
| 520 | |a Problém regulácie cien energií a snaha riešiť ho. Reguláciu cien energií aj pre domácnosti podľa vízie EÚ by mal prevziať trh. Situácia s cenami energií na Slovensku. Zvyšovanie cien energií. Pozícia prirodzených monopolov na Slovensku, ale aj v iných krajinách, je veľmi silná. Potreba vyššej konkurencie a tlaku na ceny energií. Úloha nových hráčov na trhu. | ||
| 610 | 2 | 0 | |a energetika |
| 610 | 2 | 0 | |a energia |
| 610 | 2 | 0 | |a ceny |
| 610 | 2 | 0 | |a regulácia cenová |
| 610 | 2 | 0 | |a odvetvia sieťové |
| 610 | 2 | 0 | |a konkurencia |
| 610 | 2 | 0 | |a liberalizácia |
| 610 | 2 | 0 | |a Slovensko |
| 100 | 1 | |a Marčan, Peter | |
| 700 | 1 | |a Slovák, Kristian | |